[Event "IX Festival Open"]
[Site "Amantea ITA"]
[Date "2011.09.06"]
[Round "3"]
[White "Brogneri, Giovanni"]
[Black "Rizzuti, Pasquale"]
[Result "1/2-1/2"]
[WhiteElo "1736"]
[BlackElo "1856"]
[PlyCount "95"]
[EventDate "2011.09.04"]

1. e4 e6 2. d4 d5 3. exd5 exd5 4. Bd3 Nf6 5. Nf3 Be7 6. h3 O-O 7. O-O Nbd7 8.
Bf4 c5 9. c3 c4 10. Bc2 Re8 11. Re1 Nf8 12. Nbd2 Be6 13. Nf1 Bd6 14. Bxd6 Qxd6
15. Ng3 Ng6 16. Ne5 Bd7 17. Nxd7 Qxd7 18. Qd2 Rxe1+ 19. Rxe1 Re8 20. Rxe8+ Qxe8
21. Qe3 Qxe3 22. fxe3 Ne7 23. e4 Kf8 24. Kf2 g6 25. exd5 Nexd5 26. Ne4 Ke7 27.
Nxf6 Kxf6 28. Be4 Ke6 29. Bxd5+ Kxd5 30. Ke3 g5 31. Kf3 f5 32. g3 b5 33. Ke3 a5
34. a3 Ke6 35. Kf3 Kf6 36. Ke3 Ke6 37. Kf3 Kd5 38. Ke3 h6 39. Kf3 Kc6 40. Ke3
Kd6 41. Kf3 Kd5 42. Ke3 Ke6 43. Kf3 Kd6 44. Ke3 Kd5 45. Kf3 b4 46. a4 bxc3 47.
bxc3 Ke6 48. Ke3 1/2-1/2

[Event "IX Festival Open"]
[Site "Amantea ITA"]
[Date "2011.09.06"]
[Round "3"]
[White "Carbone, Edoardo"]
[Black "Crippa, Oscar"]
[Result "1/2-1/2"]
[WhiteElo "1838"]
[BlackElo "1673"]
[PlyCount "80"]
[EventDate "2011.09.04"]

1. d4 d5 2. c4 e6 3. Nc3 Nf6 4. e3 c6 5. Nf3 Bd6 6. cxd5 exd5 7. Bd3 Bg4 8. O-O
O-O 9. a3 Re8 10. Be2 Nbd7 11. Bd2 a6 12. b4 Ne4 13. Na4 b5 14. Nb2 Nb6 15. Be1
Nc4 16. Nd3 Re6 17. h3 Bxf3 18. Bxf3 Qh4 19. Qc1 Rg6 20. Kh1 Ng5 21. Bg4 Ne4
22. Bf3 Rf6 23. Bxe4 Qxe4 24. Nc5 Qxe3 25. Nd7 Qxd4 26. Nxf6+ Qxf6 27. Bd2 Qe5
28. f4 Qf5 29. a4 Re8 30. axb5 axb5 31. Ra6 Rc8 32. Bc3 h6 33. Qa1 f6 34. Ra8
Kh7 35. Rxc8 Qxc8 36. Qb1+ Kg8 37. Qg6 Qf8 38. Re1 Be7 39. Qf5 Kh8 40. Qg6 Nd6
1/2-1/2

[Event "IX Festival Open"]
[Site "Amantea ITA"]
[Date "2011.09.06"]
[Round "3"]
[White "Casella, Carlo"]
[Black "Levato, Biagio"]
[Result "1/2-1/2"]
[WhiteElo "1699"]
[BlackElo "1545"]
[PlyCount "85"]
[EventDate "2011.09.04"]

1. e4 c5 2. Nf3 Nc6 3. d4 cxd4 4. Nxd4 e6 5. Be2 a6 6. O-O Qc7 7. Nc3 Bd6 8. h3
Nge7 9. Nb3 Ng6 10. Bf3 O-O 11. Be3 Nce5 12. Be2 b5 13. a3 Bb7 14. Nd2 Rac8 15.
f4 Nc4 16. Nxc4 bxc4 17. Qd2 Bc5 18. Kh1 Bxe3 19. Qxe3 Rfe8 20. Rad1 d5 21. e5
Ne7 22. Qf2 Red8 23. Bf3 Nf5 24. Ne2 Ba8 25. c3 Qc5 26. Nd4 Nxd4 27. Rxd4 Rf8
28. Bg4 Qc6 29. Qc2 f5 30. Bf3 Rb8 31. Rf2 Qe8 32. Kh2 Bc6 33. Qe2 Ba4 34. g4
g6 35. gxf5 Rxf5 36. Bg4 Rf7 37. h4 h5 38. Bf3 Qe7 39. Kh3 Rbf8 40. Qe3 Rf5 41.
Rg2 Qf7 42. Kg3 Kh7 43. Be2 1/2-1/2

[Event "IX Festival Open"]
[Site "Amantea ITA"]
[Date "2011.09.06"]
[Round "3"]
[White "Denozza, Mauro"]
[Black "Caporale, Giuseppe Guido"]
[Result "0-1"]
[WhiteElo "1664"]
[BlackElo "1752"]
[PlyCount "50"]
[EventDate "2011.09.04"]

1. d4 c5 2. c3 b6 3. Nf3 Bb7 4. e3 e6 5. Bd3 Nf6 6. Nbd2 Nc6 7. O-O d5 8. Qe2
c4 9. Bc2 b5 10. e4 dxe4 11. Nxe4 Be7 12. Bg5 Nxe4 13. Bxe7 Nxe7 14. Bxe4 Bxe4
15. Qxe4 Qd5 16. Qxd5 Nxd5 17. g3 O-O 18. Ne5 Nb6 19. b3 f6 20. Nf3 Rfc8 21. b4
Nd5 22. Rfc1 a5 23. a3 Ra6 24. Nd2 axb4 25. cxb4 Rca8 0-1

[Event "IX Festival Open"]
[Site "Amantea ITA"]
[Date "2011.09.06"]
[Round "3"]
[White "Di Salvio, Giuseppe"]
[Black "Pelyushenko, Anton"]
[Result "1-0"]
[WhiteElo "1785"]
[BlackElo "1692"]
[PlyCount "113"]
[EventDate "2011.09.04"]

1. d4 Nf6 2. c4 g6 3. Nc3 Bg7 4. e4 d6 5. Nf3 Bg4 6. Be2 O-O 7. O-O c5 8. d5
Nbd7 9. Bg5 Nb6 10. Qd3 Nfd7 11. b3 Bxf3 12. Qxf3 a5 13. a4 Ne5 14. Qe3 Qd7 15.
Rac1 Rfe8 16. Qd2 f5 17. exf5 Qxf5 18. f4 Nf7 19. Bd3 Qd7 20. Bh4 e6 21. dxe6
Qxe6 22. Rce1 Qg4 23. Bf2 Bxc3 24. Qxc3 Qxf4 25. Bxc5 Rxe1 26. Qxe1 Qxf1+ 27.
Kxf1 dxc5 28. Qe6 Ra6 29. h4 Nxa4 30. Qe8+ Kg7 31. bxa4 Rf6+ 32. Kg1 b6 33. Be2
h5 34. Bf3 Rf4 35. Bd5 Rf6 36. Kh2 Rf5 37. Kh3 Rf6 38. Bxf7 Rxf7 39. Qe5+ Rf6
40. g4 hxg4+ 41. Kxg4 Kf7 42. Qc7+ Kf8 43. Kg5 Re6 44. Qd8+ Kf7 45. Qd5 Ke7 46.
Qb7+ Kf8 47. Kf4 Ke8 48. Kg5 Kf8 49. h5 gxh5 50. Kxh5 Re5+ 51. Kg6 Re6+ 52. Kf5
Rd6 53. Qb8+ Ke7 54. Qc7+ Rd7 55. Qxb6 Ke8 56. Qxa5 Rf7+ 57. Kg6 1-0

[Event "IX Festival Open"]
[Site "Amantea ITA"]
[Date "2011.09.06"]
[Round "3"]
[White "Garofalo, Raffaele"]
[Black "Trematerra, Massimiliano"]
[Result "0-1"]
[WhiteElo "1402"]
[BlackElo "1511"]
[PlyCount "52"]
[EventDate "2011.09.04"]

1. d4 Nf6 2. Nf3 d5 3. e3 c6 4. Bd3 g6 5. c3 Bg4 6. Nbd2 Nbd7 7. h3 e5 8. hxg4
e4 9. Be2 exf3 10. Bxf3 Qe7 11. O-O Ne4 12. Qc2 Ndf6 13. g5 Nxg5 14. Re1 Nxf3+
15. Nxf3 Qc7 16. Ne5 Bd6 17. Qd1 O-O-O 18. b3 Rde8 19. a4 Bxe5 20. dxe5 Qxe5
21. Qd4 Kb8 22. Qxe5+ Rxe5 23. e4 Rxe4 24. Rxe4 Nxe4 25. Be3 Nxc3 26. Bd4 Ne2+
0-1

[Event "IX Festival Open"]
[Site "Amantea ITA"]
[Date "2011.09.06"]
[Round "3"]
[White "Ielapi, Vito"]
[Black "Donati, Michele"]
[Result "0-1"]
[WhiteElo "1848"]
[BlackElo "1703"]
[PlyCount "102"]
[EventDate "2011.09.04"]

1. Nf3 c5 2. e3 Nf6 3. d4 g6 4. c3 Qc7 5. Bd3 Bg7 6. O-O O-O 7. e4 d5 8. e5
Nfd7 9. Re1 e6 10. b3 Nc6 11. Na3 a6 12. Nc2 b5 13. Be3 Bb7 14. Qd2 Rfe8 15.
Bh6 Bh8 16. Qg5 b4 17. h4 bxc3 18. h5 Nf8 19. Bxf8 Rxf8 20. Ne3 Qe7 21. Qg3
cxd4 22. Ng4 a5 23. Qf4 f5 24. exf6 Bxf6 25. hxg6 hxg6 26. Bxg6 Bg7 27. Nh6+
Bxh6 28. Qxh6 Rf6 29. Qh5 Qg7 30. Bd3 Raf8 31. Ng5 Rh6 32. Qg4 Ne5 33. Rxe5
Qxe5 34. Nxe6+ Kf7 35. Nxf8 Kxf8 36. g3 Rf6 37. Kf1 Qe3 38. Qe2 Qxg3 39. Ke1
Qd6 40. Kd1 Qf4 41. Kc2 Qxf2 42. Re1 Qxe2+ 43. Rxe2 Bc8 44. a3 Bg4 45. Rh2 Bf3
46. Rh4 Be4 47. Bxe4 dxe4 48. Rxe4 Rf2+ 49. Kd1 d3 50. b4 axb4 51. axb4 Rf1+
0-1

[Event "IX Festival Open"]
[Site "Amantea ITA"]
[Date "2011.09.06"]
[Round "3"]
[White "Manfredi, Candido"]
[Black "La Franca, Vincenzo"]
[Result "0-1"]
[WhiteElo "1752"]
[BlackElo "1640"]
[PlyCount "100"]
[EventDate "2011.09.04"]

1. g3 d5 2. Bg2 e6 3. c4 c6 4. cxd5 exd5 5. d3 Nf6 6. Nf3 Be7 7. O-O O-O 8.
Nbd2 Bf5 9. Qb3 Qc8 10. Re1 Nbd7 11. Nh4 Be6 12. Qc2 d4 13. e4 dxe3 14. fxe3
Ng4 15. Nhf3 Bc5 16. Ne4 Be7 17. d4 Nb6 18. Neg5 Bf5 19. e4 Bg6 20. Nh4 Bf6 21.
Nxg6 hxg6 22. e5 Bxg5 23. Bxg5 Qf5 24. Qxf5 gxf5 25. b3 Nd5 26. h3 f6 27. hxg4
fxg5 28. gxf5 Rxf5 29. Bxd5+ cxd5 30. Rf1 g6 31. Kg2 Rc8 32. Rac1 Rxc1 33. Rxc1
Rf7 34. Rc5 Rd7 35. Kf3 Kf7 36. Kg4 Ke6 37. Kxg5 Rf7 38. Rc3 Rf2 39. a4 Rd2 40.
Rc7 Rxd4 41. Rxb7 Kxe5 42. Re7+ Kd6 43. Re3 Re4 44. Rxe4 dxe4 45. Kf4 Kd5 46.
Ke3 a5 47. b4 axb4 48. a5 b3 49. Kd2 e3+ 50. Kxe3 b2 0-1

[Event "IX Festival Open"]
[Site "Amantea ITA"]
[Date "2011.09.06"]
[Round "3"]
[White "Mazzuca, Aldo"]
[Black "Vasta, Armando"]
[Result "0-1"]
[WhiteElo "1458"]
[BlackElo "1545"]
[PlyCount "86"]
[EventDate "2011.09.04"]

1. e4 c5 2. Nc3 Nc6 3. Bc4 Nf6 4. a3 e6 5. d3 d5 6. exd5 exd5 7. Qe2+ Be7 8.
Ba2 h6 9. Nf3 O-O 10. O-O Bg4 11. h3 Bh5 12. g4 Bg6 13. Ne5 Nxe5 14. Qxe5 Bd6
15. Qe2 Bc7 16. Qf3 c4 17. dxc4 d4 18. Nb5 Bb6 19. c3 d3 20. Bd2 a6 21. Nd4 Be4
22. Qg3 Bxd4 23. cxd4 Qxd4 24. Bc3 Qb6 25. Rfe1 Rfe8 26. Re3 Bg6 27. Rae1 Rxe3
28. Rxe3 Rd8 29. Bxf6 Qxf6 30. Re1 d2 31. Rd1 Bc2 32. Rxd2 Rxd2 33. Qb8+ Rd8
34. Qxb7 Rd1+ 35. Kg2 Qd6 36. c5 Qd7 37. Qf3 Rd4 38. Qa8+ Kh7 39. Qxa6 Be4+ 40.
f3 Rd2+ 41. Kg3 Qc7+ 42. Kh4 g5+ 43. Kh5 Bg6+ 0-1

[Event "IX Festival Open"]
[Site "Amantea ITA"]
[Date "2011.09.06"]
[Round "3"]
[White "Mileo, Miguelito"]
[Black "Rubino, Giovanni"]
[Result "1/2-1/2"]
[WhiteElo "1833"]
[BlackElo "1434"]
[PlyCount "75"]
[EventDate "2011.09.04"]

1. d4 d5 2. Bf4 Nf6 3. e3 e6 4. Nf3 Nbd7 5. Bd3 g6 6. h3 Bg7 7. Be2 Ne4 8. Nbd2
Ndf6 9. Ne5 O-O 10. O-O Nxd2 11. Qxd2 Ne4 12. Qe1 a6 13. c4 c6 14. c5 b6 15.
Nxc6 Qd7 16. Ne5 Bxe5 17. Bxe5 bxc5 18. f3 f6 19. Bh2 cxd4 20. fxe4 dxe4 21.
Rd1 d3 22. Qb4 dxe2 23. Rxd7 exf1=Q+ 24. Kxf1 Bxd7 25. Qd6 Bb5+ 26. Kf2 e5 27.
Qd5+ Kg7 28. Qxe4 Rad8 29. Qc2 Bd3 30. Qc7+ Kg8 31. Qe7 e4 32. Bc7 Rde8 33. Qd7
Rc8 34. Qe6+ Kh8 35. Bd6 Rce8 36. Qd7 Rd8 37. Qe6 Rde8 38. Qd7 1/2-1/2

[Event "IX Festival Open"]
[Site "Amantea ITA"]
[Date "2011.09.06"]
[Round "3"]
[White "Olivo, Paolo"]
[Black "Greco, Simone"]
[Result "1-0"]
[WhiteElo "1815"]
[BlackElo "1570"]
[PlyCount "37"]
[EventDate "2011.09.04"]

1. d4 Nf6 2. c4 e6 3. Nc3 Bb4 4. Qc2 b6 5. e4 d6 6. Bg5 e5 7. a3 Bxc3+ 8. bxc3
Bb7 9. Bd3 Qe7 10. Ne2 h6 11. Bh4 g5 12. Bg3 exd4 13. Nxd4 Bxe4 14. O-O Bxd3
15. Qxd3 Qd7 16. Rfe1+ Kd8 17. Qf3 Ne4 18. Rxe4 Rh7 19. Rae1 1-0

[Event "IX Festival Open"]
[Site "Amantea ITA"]
[Date "2011.09.06"]
[Round "3"]
[White "Paragliola, Gennaro"]
[Black "Rametta, Marcello"]
[Result "0-1"]
[WhiteElo "1576"]
[BlackElo "1748"]
[PlyCount "69"]
[EventDate "2011.09.04"]

1. d4 d5 2. c4 dxc4 3. Nf3 a6 4. e4 b5 5. a4 c6 6. axb5 cxb5 7. Nc3 Bb7 8. Be2
Nf6 9. d5 e6 10. Bg5 h6 11. Bxf6 Qxf6 12. e5 Qd8 13. d6 Nd7 14. Qd4 g6 15. Ne4
Bg7 16. Nc5 Nxc5 17. Qxc5 Rc8 18. Qd4 Qd7 19. O-O O-O 20. Nd2 f5 21. f4 Ra8 22.
Bf3 Bxf3 23. Rxf3 Qa7 24. Qxa7 Rxa7 25. Rg3 Kh7 26. Nf3 Re8 27. Nh4 g5 28. fxg5
Bxe5 29. g6+ Kg7 30. Rf3 Bf6 31. Nxf5+ exf5 32. Rxf5 Kxg6 33. Rd5 Rd8 34. Re1
Rad7 35. Re6 0-1

[Event "IX Festival Open"]
[Site "Amantea ITA"]
[Date "2011.09.06"]
[Round "3"]
[White "Pelyushenko, Olga"]
[Black "Luongo, Antonio"]
[Result "0-1"]
[WhiteElo "1506"]
[BlackElo "1776"]
[PlyCount "72"]
[EventDate "2011.09.04"]

1. d4 d5 2. Nf3 Nf6 3. c4 e6 4. Bg5 Be7 5. Nc3 Nbd7 6. e3 O-O 7. cxd5 exd5 8.
Bd3 c6 9. O-O Re8 10. Qc2 h6 11. Bh4 Nh5 12. Bxe7 Rxe7 13. Rac1 Nhf6 14. b4 a6
15. e4 dxe4 16. Nxe4 Nxe4 17. Bxe4 Nf6 18. Rfe1 Nxe4 19. Rxe4 Bf5 20. Rce1 Bxe4
21. Rxe4 Rxe4 22. Qxe4 Qe8 23. Qc2 Rd8 24. h3 Qe6 25. a4 Qd5 26. Qb2 Qc4 27. h4
Qd3 28. Kh2 Qd1 29. Qa2 Rd5 30. Kg3 Qd3 31. Kh2 Qe4 32. Qb2 Qf4+ 33. Kg1 g5 34.
Qe2 gxh4 35. Qe8+ Kg7 36. Ne5 Rxd4 0-1

[Event "IX Festival Open"]
[Site "Amantea ITA"]
[Date "2011.09.06"]
[Round "3"]
[White "Pelyushenko, Vladyslav"]
[Black "Serratore, Vincenzo"]
[Result "0-1"]
[WhiteElo "1812"]
[BlackElo "1859"]
[PlyCount "48"]
[EventDate "2011.09.04"]

1. d4 d5 2. Nf3 Bf5 3. c4 e6 4. Nc3 Nc6 5. Qb3 Nb4 6. Qa4+ c6 7. e4 dxe4 8. c5
Nd5 9. Nxd5 exd5 10. Nd2 Nf6 11. Be2 Be7 12. Nf1 h6 13. Ne3 Bh7 14. Bd2 O-O 15.
g4 Nd7 16. Nf5 Bxf5 17. gxf5 Bg5 18. f4 exf3 19. Bxf3 Bxd2+ 20. Kxd2 Qg5+ 21.
Kd1 Qxf5 22. Qb3 Nf6 23. Rc1 Rfe8 24. Kd2 Qf4+ 0-1

[Event "IX Festival Open"]
[Site "Amantea ITA"]
[Date "2011.09.06"]
[Round "3"]
[White "Preiti, Salvatore"]
[Black "Mercuri, Delia"]
[Result "1-0"]
[WhiteElo "1661"]
[BlackElo "1523"]
[PlyCount "81"]
[EventDate "2011.09.04"]

1. e4 e5 2. Nf3 Nc6 3. Bc4 Nf6 4. d3 Be7 5. Bd2 O-O 6. Bc3 d6 7. h3 Nd7 8. a3
Nb6 9. Bb3 a6 10. Nbd2 Bd7 11. O-O Na7 12. a4 Rc8 13. Ba5 Na8 14. Nc4 b6 15.
Bb4 a5 16. Bc3 Be6 17. Qe2 Kh8 18. Qe3 f5 19. exf5 Rxf5 20. d4 d5 21. Ncxe5 Qe8
22. Rae1 Rf6 23. Ng5 Qg8 24. Nxe6 c6 25. Ng5 Re8 26. Qd3 Nc7 27. Bd2 Nc8 28. c3
Nd6 29. Nxc6 Ne4 30. Nxe4 Rxc6 31. Ng3 Qf8 32. Bc2 g6 33. Re2 Ne6 34. Rfe1 Qf7
35. Qb5 Rd6 36. Rxe6 Rf8 37. R6e2 Bh4 38. Bh6 Re6 39. Bxf8 Bxg3 40. fxg3 Rf6
41. Bh6 1-0

[Event "IX Festival Open"]
[Site "Amantea ITA"]
[Date "2011.09.06"]
[Round "3"]
[White "Russo, Arianna"]
[Black "Tricomi, Massimo"]
[Result "1/2-1/2"]
[WhiteElo "1696"]
[BlackElo "1889"]
[PlyCount "45"]
[EventDate "2011.09.04"]

1. d4 e6 2. c4 b6 3. Nc3 Bb7 4. a3 f5 5. Bf4 Nf6 6. e3 g6 7. Nf3 Bg7 8. Be2 O-O
9. O-O d6 10. h3 Nbd7 11. Qc2 Ne4 12. Rab1 Qe7 13. Nd2 Nxc3 14. bxc3 e5 15. Bh2
Rae8 16. Bf3 e4 17. Be2 Nf6 18. Nb3 c5 19. a4 a5 20. Rfd1 Rd8 21. Qb2 Bc6 22.
Ra1 Rfe8 23. Nd2 1/2-1/2

[Event "IX Festival Open"]
[Site "Amantea ITA"]
[Date "2011.09.06"]
[Round "3"]
[White "Scerra, Ezio"]
[Black "Coico, Pompeo"]
[Result "0-1"]
[WhiteElo "1512"]
[BlackElo "1698"]
[PlyCount "95"]
[EventDate "2011.09.04"]

1. c4 Nf6 2. Nc3 e6 3. g3 c6 4. Bg2 d5 5. cxd5 exd5 6. d4 Be7 7. Nf3 Bg4 8. O-O
O-O 9. Re1 Nbd7 10. Qc2 Qb6 11. e3 Rac8 12. h3 Bh5 13. Na4 Qc7 14. Nc5 Nxc5 15.
dxc5 Qa5 16. Bd2 Qxc5 17. Qxc5 Bxc5 18. b4 Bd6 19. a3 Ne4 20. Ra2 Nxd2 21. Rxd2
f5 22. Nh2 a6 23. Rb1 Be5 24. a4 Bg6 25. f4 Bf6 26. b5 axb5 27. axb5 Rfe8 28.
Kf2 h5 29. bxc6 bxc6 30. Rc1 Bf7 31. h4 Red8 32. Bf3 c5 33. Rdc2 c4 34. Nf1 c3
35. Be2 d4 36. Bd3 g6 37. exd4 Bxd4+ 38. Ne3 Re8 39. Re2 Bc4 40. Rxc3 Bxc3 41.
Bxc4+ Kg7 42. Bb5 Red8 43. Kf3 Rd2 44. Ba4 Rxe2 45. Kxe2 Ra8 46. Nd5 Bd4 47.
Bd1 Ra2+ 48. Kf3 0-1

[Event "IX Festival Open"]
[Site "Amantea ITA"]
[Date "2011.09.06"]
[Round "3"]
[White "Stoja, Rocco"]
[Black "Morelli, Gaetano"]
[Result "1-0"]
[WhiteElo "1772"]
[BlackElo "1852"]
[PlyCount "55"]
[EventDate "2011.09.04"]

1. e4 e5 2. Nf3 Nc6 3. d4 exd4 4. Bc4 Be7 5. O-O d6 6. Nxd4 Bf6 7. c3 Nge7 8.
f4 Ng6 9. b4 a6 10. Be3 Bd7 11. Nd2 O-O 12. Rb1 Qe8 13. Bd3 Nd8 14. Qh5 b6 15.
Rbc1 c5 16. Nf5 Bxf5 17. Qxf5 Qe6 18. Qh5 Qe7 19. g4 h6 20. Bc4 Nh8 21. Bd5 Rc8
22. bxc5 bxc5 23. Nf3 Ne6 24. g5 hxg5 25. e5 dxe5 26. fxe5 Nd8 27. Bxg5 Bxg5
28. Nxg5 1-0

[Event "IX Festival Open"]
[Site "Amantea ITA"]
[Date "2011.09.06"]
[Round "3"]
[White "Suriano, Davide"]
[Black "Violi, Vincenzo"]
[Result "1/2-1/2"]
[WhiteElo "1476"]
[BlackElo "1828"]
[PlyCount "96"]
[EventDate "2011.09.04"]

1. c4 b6 2. Nc3 e6 3. Nf3 Bb7 4. e3 Nf6 5. d3 c5 6. Be2 Be7 7. Rb1 O-O 8. a3 a6
9. Bd2 Nc6 10. O-O d5 11. cxd5 Nxd5 12. e4 Nf6 13. Re1 Qc7 14. Qc1 Rac8 15. Bf1
Rfd8 16. Nd1 Qd7 17. Ne3 Nd4 18. Ne5 Qc7 19. N5c4 Nb3 20. Qc3 Nxd2 21. Nxd2 Nd7
22. Nf3 Nf8 23. Rbc1 Rd7 24. Nc4 Ng6 25. Qd2 Qd8 26. Nce5 Nxe5 27. Nxe5 Rdc7
28. Rc2 b5 29. Qe2 Bf6 30. f4 Qd4+ 31. Qe3 Bxe5 32. fxe5 Qxe5 33. Be2 Qd4 34.
Qxd4 cxd4 35. Rd2 Kf8 36. Bf3 a5 37. Kf2 Rc2 38. Ree2 Rxd2 39. Rxd2 Ke7 40. e5
Bxf3 41. Kxf3 f6 42. Ke4 fxe5 43. Kxe5 Rd8 44. Rc2 Rd5+ 45. Ke4 Kd6 46. Rf2 Ke7
47. Rc2 Kd6 48. Rf2 e5 1/2-1/2

[Event "IX Festival Open"]
[Site "Amantea ITA"]
[Date "2011.09.06"]
[Round "3"]
[White "Trifoglio, Giovanni"]
[Black "D'Elia, Mario Domenico"]
[Result "1-0"]
[WhiteElo "1879"]
[BlackElo "1663"]
[PlyCount "67"]
[EventDate "2011.09.04"]

1. e4 c5 2. c3 Nf6 3. e5 Ng8 4. d4 e6 5. Nf3 Be7 6. Bd3 Nc6 7. O-O d5 8. a3 c4
9. Bc2 b5 10. Nbd2 f6 11. Re1 Nh6 12. Nf1 Nf7 13. exf6 Bxf6 14. Ng3 O-O 15. Nh5
Be7 16. Nf4 Ng5 17. Nxg5 Bxg5 18. Qh5 Bh6 19. Nxe6 Bxe6 20. Rxe6 Qd7 21. Bxh7+
Kxh7 22. Qg6+ Kh8 23. Bxh6 gxh6 24. Qxh6+ Qh7 25. Qxh7+ Kxh7 26. Rxc6 a6 27.
Re1 Rfe8 28. Rce6 Rxe6 29. Rxe6 a5 30. Rd6 b4 31. Rb6 bxc3 32. bxc3 Ra7 33. a4
Kg7 34. Rb5 1-0

[Event "IX Festival Open"]
[Site "Amantea ITA"]
[Date "2011.09.06"]
[Round "3"]
[White "Valotta, Massimiliano"]
[Black "Catapano, Francesco"]
[Result "1-0"]
[WhiteElo "1855"]
[BlackElo "1787"]
[PlyCount "97"]
[EventDate "2011.09.04"]

1. d4 Nf6 2. c4 g6 3. f4 d6 4. Nf3 Bg7 5. Nc3 O-O 6. e3 c5 7. Bd3 cxd4 8. exd4
e6 9. O-O a6 10. Bd2 Qc7 11. Rc1 Nc6 12. Ne2 Bd7 13. b4 Ne7 14. a4 Rfc8 15. Qb3
Qd8 16. Kh1 Bc6 17. Be3 Be4 18. Ng3 Bxd3 19. Qxd3 Nc6 20. Qb3 Ng4 21. Bg1 Qf6
22. Ne2 Qe7 23. Rfe1 Nf6 24. Ng3 d5 25. c5 Qd7 26. Ne5 Qc7 27. b5 axb5 28. axb5
Na5 29. Qb4 Nd7 30. Ra1 Nxe5 31. fxe5 Nc4 32. Ne4 Rxa1 33. Rxa1 Nxe5 34. Nd6
Nd3 35. Qa3 Rd8 36. Qxd3 b6 37. Ra6 Bf8 38. Rxb6 Bxd6 39. Rxd6 Rxd6 40. cxd6
Qxd6 41. h3 Qb4 42. Bf2 Kf8 43. Bg3 Ke7 44. Bc7 Kd7 45. b6 h5 46. Qf3 Ke7 47.
Qf4 Qb1+ 48. Kh2 Ke8 49. Qd6 1-0

[Event "IX Festival Open"]
[Site "Amantea ITA"]
[Date "2011.09.06"]
[Round "3"]
[White "Vasta, Gianfranco"]
[Black "Panariello, Francesco"]
[Result "1/2-1/2"]
[WhiteElo "1655"]
[BlackElo "1766"]
[PlyCount "121"]
[EventDate "2011.09.04"]

1. d4 e6 2. c4 Nf6 3. Nf3 b6 4. Bg5 h6 5. Bh4 Bb7 6. e3 d6 7. Nc3 g5 8. Bg3 Nh5
9. Be2 Bg7 10. O-O Nd7 11. Nd2 Nxg3 12. fxg3 O-O 13. Bf3 c6 14. Nde4 Qc7 15.
Rc1 f5 16. Nf2 d5 17. cxd5 exd5 18. Nxd5 Qd6 19. Nc3 g4 20. Be2 Kh8 21. Bc4 b5
22. Bb3 b4 23. Na4 Rae8 24. Qd3 c5 25. Nxc5 Nxc5 26. Rxc5 h5 27. Rxf5 Rxf5 28.
Qxf5 Qh6 29. Qf7 Bc6 30. Nd1 Bb5 31. Bc4 Rf8 32. Qd5 Rxf1+ 33. Kxf1 Qf6+ 34.
Ke2 Bxc4+ 35. Qxc4 h4 36. Qc8+ Kh7 37. Qxg4 hxg3 38. Qxg3 Qa6+ 39. Kf3 Qxa2 40.
Qf4 Qa1 41. Qe4+ Kh8 42. Qc2 a5 43. d5 a4 44. d6 a3 45. bxa3 bxa3 46. d7 Qf6+
47. Ke2 Qa6+ 48. Kf2 Qf6+ 49. Kg1 Qd8 50. Qc8 Bf6 51. Nc3 Kg7 52. Qxd8 Bxd8 53.
Kf2 Kf7 54. Kf3 Ke7 55. Ke4 Kxd7 56. Kd5 Ke7 57. g4 Kf7 58. h3 Kg6 59. e4 Kg5
60. Ke6 Ba5 61. Na2 1/2-1/2

[Event "IX Festival Open"]
[Site "Amantea ITA"]
[Date "2011.09.06"]
[Round "3"]
[White "Vizza, Pietro"]
[Black "Ferro, Ferruccio"]
[Result "1-0"]
[WhiteElo "1691"]
[BlackElo "1480"]
[PlyCount "53"]
[EventDate "2011.09.04"]

1. Nf3 Nc6 2. e4 e5 3. d4 exd4 4. Nxd4 Bc5 5. Nb3 Bb6 6. Nc3 Nge7 7. Bg5 f6 8.
Bh4 O-O 9. Bc4+ Kh8 10. f4 Ng6 11. Bg3 Be3 12. Qf3 Bb6 13. O-O-O d6 14. h4 Na5
15. Nxa5 Bxa5 16. h5 Ne5 17. fxe5 fxe5 18. Qe3 Bb6 19. Qd3 Qg5+ 20. Kb1 Be3 21.
Bh4 Qh6 22. Nd5 Bb6 23. Ne7 Bg4 24. Bg5 Qxg5 25. Ng6+ hxg6 26. hxg6+ Bh5 27.
Qe2 1-0

[Event "IX Festival Open"]
[Site "Amantea ITA"]
[Date "2011.09.07"]
[Round "4"]
[White "Attina', Rodolfo"]
[Black "Garofalo, Raffaele"]
[Result "1/2-1/2"]
[WhiteElo "1401"]
[BlackElo "1402"]
[PlyCount "56"]
[EventDate "2011.09.04"]

1. Nf3 Nf6 2. d4 g6 3. e3 Bg7 4. g3 O-O 5. Nbd2 d6 6. Bg2 Nc6 7. a3 Bd7 8. b3
Qc8 9. h4 h5 10. Bb2 Bf5 11. Ng5 Bg4 12. f3 Bd7 13. Nde4 Nd5 14. Qe2 a6 15. Nf2
Nf6 16. Bh3 Bxh3 17. Nfxh3 e5 18. c3 exd4 19. cxd4 Nd5 20. O-O-O Re8 21. Ne4 b5
22. Rd3 b4 23. a4 a5 24. Nhf2 Nce7 25. g4 Nf6 26. g5 Nfd5 27. f4 Nf5 28. Qf3
Kf8 1/2-1/2

[Event "IX Festival Open"]
[Site "Amantea ITA"]
[Date "2011.09.07"]
[Round "4"]
[White "Barca, Lorenzo"]
[Black "Casella, Carlo"]
[Result "1-0"]
[WhiteElo "1608"]
[BlackElo "1699"]
[PlyCount "79"]
[EventDate "2011.09.04"]

1. e4 c5 2. Nf3 e6 3. d4 cxd4 4. Nxd4 Nc6 5. c4 d6 6. Nc3 Nf6 7. Bg5 h6 8. Bh4
Be7 9. Be2 e5 10. Ndb5 g5 11. Bg3 a6 12. Na3 Bd7 13. Nc2 h5 14. f3 Qc7 15. Bf2
Rc8 16. Rc1 Qb8 17. Qd2 Rg8 18. Nd5 Nxd5 19. cxd5 Nd8 20. Bb6 f6 21. g4 h4 22.
O-O Nf7 23. Ne3 Nh8 24. Kh1 Ng6 25. Ng2 h3 26. Ne3 Kf7 27. Nf5 Bxf5 28. gxf5
Nf4 29. a4 Rxc1 30. Rxc1 Rc8 31. Bf1 Rh8 32. Rc7 Rc8 33. Qc1 Rxc7 34. Qxc7 Qxc7
35. Bxc7 Ke8 36. a5 Kd7 37. Bb6 Bd8 38. b4 Bxb6 39. axb6 Ke7 40. Bxa6 1-0

[Event "IX Festival Open"]
[Site "Amantea ITA"]
[Date "2011.09.07"]
[Round "4"]
[White "Caporale, Giuseppe Guido"]
[Black "Olivo, Paolo"]
[Result "1-0"]
[WhiteElo "1752"]
[BlackElo "1815"]
[PlyCount "116"]
[EventDate "2011.09.04"]

1. e4 c5 2. Nf3 d6 3. d4 cxd4 4. Nxd4 Nf6 5. Nc3 a6 6. Bc4 e6 7. O-O Qc7 8. Qe2
Nc6 9. Nxc6 bxc6 10. f4 Be7 11. Kh1 d5 12. exd5 cxd5 13. Bd3 O-O 14. Be3 Bb7
15. Bd4 Nd7 16. Qh5 h6 17. Rae1 Bf6 18. Be5 Qd8 19. Nd1 Nxe5 20. fxe5 Bg5 21.
Nf2 g6 22. Qh3 h5 23. Qf3 Rb8 24. b3 Qe7 25. Nh3 Bh6 26. Qg3 Bc6 27. a4 Rb4 28.
Nf4 Qg5 29. Qxg5 Bxg5 30. Nh3 Bh6 31. Bxa6 Bd7 32. Bd3 Kg7 33. Rf3 f5 34. exf6+
Rxf6 35. Rxf6 Kxf6 36. Rf1+ Kg7 37. Re1 Kf6 38. Rf1+ Kg7 39. Re1 Bd2 40. Re2
Bh6 41. Ng1 Bg5 42. Nf3 Bf6 43. Ne5 Bxe5 44. Rxe5 Kf6 45. Re1 e5 46. Rf1+ Kg7
47. a5 e4 48. Be2 Rd4 49. Rd1 Rxd1+ 50. Bxd1 Kf6 51. Be2 Ke5 52. c3 Kf4 53. Kg1
Ke3 54. Ba6 Bc6 55. b4 Kd2 56. b5 Ba8 57. b6 e3 58. Bb5 Bc6 1-0

[Event "IX Festival Open"]
[Site "Amantea ITA"]
[Date "2011.09.07"]
[Round "4"]
[White "Catapano, Francesco"]
[Black "Suriano, Davide"]
[Result "1-0"]
[WhiteElo "1787"]
[BlackElo "1476"]
[PlyCount "87"]
[EventDate "2011.09.04"]

1. Nf3 Nf6 2. g3 g6 3. Bg2 Bg7 4. O-O O-O 5. d3 d5 6. Nbd2 Re8 7. e4 c6 8. e5
Ng4 9. Re1 Qc7 10. Qe2 e6 11. h3 Nh6 12. c3 Nd7 13. Nb3 c5 14. Bf4 b6 15. g4
Kh8 16. d4 f6 17. Bxh6 Bxh6 18. exf6 Bf4 19. g5 Bb7 20. Ne5 Nxe5 21. dxe5 Bxg5
22. Qg4 Bh6 23. f4 Ba6 24. Red1 Rad8 25. Rac1 Kg8 26. Bf1 Bb7 27. Nd2 c4 28.
Nf3 Bf8 29. Kh2 a5 30. h4 d4 31. Nxd4 Rxd4 32. Rxd4 Bc5 33. Rdd1 Kf7 34. h5 Be3
35. Rc2 Be4 36. Re2 Bf5 37. Qf3 Bc5 38. Red2 Qc8 39. Rd7+ Kf8 40. Qb7 gxh5 41.
Rf7+ Kg8 42. Rg7+ Kh8 43. Rxh7+ Bxh7 44. Qg7# 1-0